| 000 | 00409 a2200157 4500 | ||
|---|---|---|---|
| 020 | _a9780099284963 | ||
| 082 | _a823.912 | ||
| 090 |
_c7092 _d7092 |
||
| 100 | _a Maugham, W. Somerset | ||
| 245 |
_aOf human bondage _cW. Somerset Maugham |
||
| 260 |
_aUK _bVintage _c1915 |
||
| 300 | _a700 p. | ||
| 650 | _aPeople with disabilities--Physicians | ||
| 700 | _aW. Somerset Maugham | ||
| 942 |
_cBK _k823.912 MAU |
||
| 999 |
_c10897 _d10897 |
||